2020 NFL Offseason/Midseason Transactions - Statistics

General Stats
  • This quiz has been taken 38 times
    25 since last reset
  • The average score is 38 of 161
Answer Stats
Former Team Transaction New Team Pos. Player % Correct
New England Patriots Free Agent Tampa Bay Buccaneers QB Tom Brady
100%
Minnesota Vikings Trade Buffalo Bills WR Stefon Diggs
87%
Los Angeles Rams Free Agent Atlanta Falcons RB Todd Gurley
87%
Atlanta Falcons Free Agent Cleveland Browns TE Austin Hooper
83%
New Orleans Saints Free Agen Carolina Panthers QB Teddy Bridgewater
83%
Jacksonville Jaguarrs Trade Baltimore Ravens DE Calais Campbell
70%
Detroit Lions Trade Philadelphia Eagles CB Darius Slay
65%
Baltimore Ravens Trade Atlanta Falcons TE Hayden Hurst
65%
Los Angeles Chargers Free Agent Denver Broncos RB Melvin Gordon
61%
San Francisco 49ers Free Agent New Orleans Saints WR Emmanuel Sanders
57%
Jacksonville Jaguars Trade Chicago Bears QB Nick Foles
57%
Cincinnati Bengals Free Agent Dallas Cowboys QB Andy Dalton
52%
Carolina Panthers Free Agent New England Patriots QB Cam Newton
52%
Houston Texans Trade Arizona Cardinals WR DeAndre Hopkins
52%
San Francisco 49ers Trade Indianapolis Colts DT DeForest Buckner
52%
Tampa Bay Buccaneers Free Agent New Orleans Saints QB Jameis Winston
52%
Dallas Cowboys Free Agent Las Vegas Raiders TE Jason Witten
52%
Tennessee Titans Free Agent Las Vegas Raiders QB Marcus Mariota
52%
Los Angeles Chargers Free Agent Indianapolis Colts QB Phillip Rivers
52%
Jacksonville Jaguars Trade Denver Broncos CB AJ Bouye
48%
Indianapolis Colts Free Agent Pittsburgh Steelers TE Eric Ebron
48%
Tennessee Titans Trade Denver Broncos DE Jurrell Casey
48%
Los Angeles Rams Trade Houston Texans WR Brandin Cooks
43%
Tampa Bay Buccaneers Free Agent New York Jets WR Breshaud Perriman
43%
Tennessee Titans Free Agent New York Giants RB Dion Lewis
43%
Philadelphia Eagles Free Agent New Orleans Saints S Malcolm Jenkins
43%
Denver Broncos Free Agent Los Angeles Chargers CB Chris Harris
39%
Arizona Cardinals Trade Houston Texans RB David Johnson
39%
Los Angeles Chargers Trade Pittsburgh Steelers FB Derek Watt
39%
Atlanta Falcons Free Agent Detroit Lions CB Desmond Trufant
39%
Carolina Panthers Free Agent New York Giants CB James Bradberry
39%
San Francisco 49ers Trade Miami Dolphins RB Matt Breida
39%
New York Jets Free Agent Carolina Panthers WR Robby Anderson
39%
Washington Redskins Free Agent Cleveland Browns QB Case Keenum
35%
Los Angeles Rams Free Agent Las Vegas Raiders LB Cory Littleton
35%
Chicago Bears Free Agent Dallas Cowboys S Haha Clinton-Dix
35%
Green Bay Packers Free Agent Chicago Bears TE Jimmy Graham
35%
Denver Broncos Free Agent New York Jets QB Joe Flacco
35%
Washington Redskins Free Agent Buffalo Bills CB Josh Norman
35%
New England Patriots Free Agent Miami Dolphins LB Kyle Van Noy
35%
San Francisco 49ers Trade Philadelphia Eagles WR Marquise Goodwin
35%
New England Patriots Trade Tampa Bay Buccaneers TE Rob Gronkowski
35%
Houston Texans Free Agent Seattle Seahawks RB Carlos Hyde
30%
Houston Texans Free Agent Cincinnati Bengals DT DJ Reader
30%
New England Patriots Free Agent Detroit Lions LB Jamie Collins
30%
Kansas City Chiefs Free Agent Washington Redskins CB Kendall Fuller
30%
New Orleans Saints Free Agent Chicago Bears WR Ted Ginn
30%
Dallas Cowboys Free Agent Miami Dolphins CB Byron Jones
26%
Los Angeles Rams Free Agent Atlanta Falcons LB Dante Fowler
26%
Indianapolis Colts Free Agent Green Bay Packers WR Devin Funchess
26%
New Orleans Saints Free Agent Carolina Panthers CB Eli Apple
26%
Carolina Panthers Free Agent Dallas Cowboys DT Gerald McCoy
26%
Minnesota Vikings Free Agent Atlanta Falcons WR Laquon Treadwell
26%
New England Patriots Free Agent Seattle Seahawks WR Phillip Dorsett
26%
Dallas Cowboys Free Agent Houston Texans WR Randall Cobb
26%
Dallas Cowboys Free Agent Chicago Bears DE Robert Quinn
26%
Washington Football Team Free Agent Detroit Lions RB Adrian Peterson
22%
Green Bay Packers Free Agent New York Giants LB Blake Martinez
22%
Washington Redskins Free Agent Jacksonville Jaguars RB Chris Thompson
22%
Los Angeles Rams Free Agent Dallas Cowboys K Greg Zuerlein
22%
New York Jets Trade Seattle Seahawks S Jamal Adams
22%
Philadelphia Eagles Free Agent Miami Dolphins RB Jordan Howard
22%
Jacksonville Jaguars Free Agent Tampa Bay Buccaneers RB Leonard Fournette
22%
Kansas City Chiefs Free Agent Tampa Bay Buccaneers RB LeSean McCoy
22%
New York Jets Free Agent Kansas City Chiefs RB Le'Veon Bell
22%
Minnesota Vikings Free Agent Cincinnati Bengals CB Mackensie Alexander
22%
Los Angeles Rams Free Agent Philadelphia Eagles CB Nickell Robey-Coleman
22%
Tampa Bay Buccaneers Free Agent Washington Redskins RB Peyton Barber
22%
Philadelphia Eagles Free Agent Washington Redskins CB Ronald Darby
22%
New York Jets Trade Pittsburgh Steelers LB Avery Williamson
17%
Chicago Bears Free Agent Detroit Lions QB Chase Daniel
17%
Cleveland Browns Free Agent Green Bay Packers LB Christian Kirksey
17%
Minnesota Vikings-Dallas Cowboys Trade Detroit Lions DE Everson Griffin
17%
Buffalo Bills Free Agent New York Jets RB Frank Gore
17%
Tennessee Titans Free Agent Cleveland Browns OT Jack Conklin
17%
Seattle Seahawks Free Agent Tennessee Titans DE Jadeveon Clowney
17%
San Francisco 49ers Trade New Orleans Saints LB Kwon Alexander
17%
Carolina Panthers Trade Washington Redskins QB Kyle Allen
17%
Philadelphia Eagles Free Agent Las Vegas Raiders WR Nelson Agholor
17%
Buffalo Bills Free Agent Miami Dolphins DE Shaq Lawson
17%
Los Angeles Chargers Free Agent Washington Redskins LB Thomas Davis
17%
Minnesota Vikings Free Agent Cincinnati Bengals CB Trae Waynes
17%
Cincinnati Bengals Free Agent Jacksonville Jaguars TE Tyler Eifert
17%
Minnesota Vikings Free Agent Indianapolis Colts CB Xavier Rhodes
17%
Jacksonville Jaguars-Minnesota Vikings Trade Baltimore Ravens DE Yannick Ngakoue
17%
Atlanta Falcons Free Agent Cleveland Browns DE Adrian Clayborn
13%
Baltimore Ravens Free Agent Seattle Seahawks RB Alex Collins
13%
Seattle Seahawks Trade New York Jets S Bradley McDougald
13%
Green Bay Packers Free Agent Los Angeles Chargers OT Bryan Bulaga
13%
Cincinnati Bengals Trade Seattle Seahawks DE Carlos Dunlap
13%
Washington Redskins Free Agent New York Giants QB Colt McCoy
13%
Denver Broncos Free Agent New York Jets C Connor McGovern
13%
Arizona Cardinals Free Agent New England Patriots WR Damiere Byrd
13%
Los Angeles Chargers Trade Tennessee Titans CB Desmond King
13%
New England Patriots Trade Detroit Lions S Duron Harmon
13%
Kansas City Chiefs Free Agent Miami Dolphins DE Emmanuel Ogbah
13%
Green Bay Packers Free Agent Detroit Lions WR Geronimo Allison
13%
Miami Dolphins Trade New England Patriots WR Isaiah Ford
13%
Cleveland Browns Free Agent Jacksonville Jaguars LB Joe Schobert
13%
Philadelphia Eagles Free Agent Miami Dolphins LB Kamu Grugier-Hill
13%
Tennessee Titans Free Agent New York Giants CB Logan Ryan
13%
Indianapolis Colts Free Agent New York Jets CB Pierre Desir
13%
Houston Texans Free Agent Chicago Bears S Teshaun Gibson
13%
New York Jets Free Agent New Orleans Saints RB Ty Montgomery
13%
Atlanta Falcons Free Agent Tennessee Titans LB Vic Beasley
13%
Denver Broncos Free Agent Philadelphia Eagles S Will Parks
13%
Los Angeles Chargers Free Agent New England Patriots S Adrian Phillips
9%
New Orleans Saints Free Agent Buffalo Bills LB AJ Klein
9%
Minnesota Vikings Free Agent Cleveland Browns S Andrew Sendejo
9%
New England Patriots Free Agent Tampa Bay Buccaneers WR Antonio Brown
9%
Pittsburgh Steelers Free Agent Chicago Bears CB Artie Burns
9%
Detroit Lions Free Agent Los Angeles Rams DT A'Shawn Robinson
9%
Carolina Panthers Free Agent Seattle Seahawks DE Bruce Irvin
9%
Baltimore Ravens Free Agent Pittsburgh Steelers DE Chris Wormley
9%
New England Patriots Free Agent Detroit Lions DT Danny Shelton
9%
Atlanta Falcons Free Agent Arizona Cardinals LB De'Vondre Campbell
9%
Detroit Lions Free Agent Arizona Cardinals LB Devon Kennard
9%
Carolina Panthers Free Agent Dallas Cowboys DT Dontari Poe
9%
Cleveland Browns Free Agent Houston Texans S Eric Murray
9%
Seattle Seahawks Free Agent New York Jets OT George Fant
9%
Seattle Seahawks Free Agent Chicago Bears OT Germain Ifedi
9%
Los Angeles Chargers Free Agent Philadelphia Eagles LB Jatavis Brown
9%
Pittsburgh Steelers Free Agent Philadelphia Eagles DT Javon Hargrave
9%
Las Vegas Raiders Free Agent Cleveland Browns S Karl Joseph
9%
New Orleans Saints Trade San Francisco 49ers LB Kiko Alonso
9%
Chicago Bears Free Agent Los Angeles Rams LB Leonard Floyd
9%
Minnesota Vikings Free Agent Los Angeles Chargers DT Linval Joseph
9%
Dallas Cowboys Free Agent Las Vegas Raiders DT Malik Collins
9%
Carolina Panthers Free Agent Buffalo Bills DE Mario Addison
9%
New York Giants Trade Arizona Cardinals LB Markus Golden
9%
Jacksonville Jaguars Free Agent New England Patriots WR Marqise Lee
9%
Baltimore Ravens Free Agent Minnesota Vikings DT Michael Pierce
9%
Chicago Bears Free Agent Las Vegas Raiders LB Nick Kwiatkoski
9%
Pittsburgh Steelers Free Agent Denver Broncos TE Nick Vannett
9%
Indianapolis Colts Trade New York Jets CB Quincy Wilson
9%
Washington Redskins Trade Seattle Seahawks CB Qunton Dunbar
9%
Detroit Lions Free Agent Jacksonville Jaguars CB Rashaan Melvin
9%
Jacksonville Jaguars Trade Cleveland Browns S Ronnie Harrison
9%
Baltimore Ravens Free Agent Carolina Panthers WR Seth Roberts
9%
New York Jets Trade Tampa Bay Buccaneers DT Steve McLendon
9%
Las Vegas Raiders Free Agent Carolina Panthers LB Tahir Whitehead
9%
Tennessee Titans Free Agent Minnesota Vikings WR Tajae Sharpe
9%
Atlanta Falcons Free Agent Cincinnati Bengals DE Takkarist McKinley
9%
Los Angeles Chargers Free Agent San Francisco 49ers WR Travis Benjamin
9%
Washington Redskins Trade San Francisco 49ers OT Trent Williams
9%
New Orleans Saints Free Agent Cincinnati Bengals S Vonn Bell
9%
Cincinnati Bengals Free Agent Cleveland Browns DT Andrew Billings
4%
Tampa Bay Buccaneers Free Agent Las Vegas Raiders DE Carl Nassib
4%
New York Giants Free Agent Washington Redskins WR Cody Latimer
4%
Cleveland Browns Free Agent Las Vegas Raiders S Demarious Randall
4%
Denver Broncos Free Agent Baltimore Ravens DE Derek Wolfe
4%
New Orleans Saints Free Agent Baltimore Ravens WR Dez Bryant
4%
Detroit Liones Free Agent Denver Broncos OG Graham Glasgow
4%
Philadelphia Eagles Free Agent Detroit Lions OT Halapoulivaati Vatai
4%
Tennessee Titans Free Agent Arizona Cardinals CB Johnathan Joseph
4%
Buffalo Bills Free Agent Arizona Cardinals DT Jordan Phillips
4%
New York Giants Free Agent Kansas City Chiefs OT Mike Remmers
4%
Baltimore Ravens Free Agent New York Jets LB Patrick Onwuasor
4%
Chicago Bears Free Agent Las Vegas Raiders CB Prince Amukamara
4%
Seattle Seahawks Free Agent Buffalo Bills DE Quinton Jefferson
4%
Carolina Panthers Free Agent Buffalo Bills DT Vernon Butler
4%
No matching quizzes found
Score Distribution
Percent of People with Each Score
Percentile by Number Answered
Your Score History
You have not taken this quiz since the last reset